000 02921nam a22002537a 4500
005 20250227072703.0
008 250227b ||||| |||| 00| 0 eng d
020 _a9780374146412
040 _aCO-BoUCM
_cDavid Moreno
_dDavid Moreno
041 _aeng
100 1 _aDaunton, Martin J.
_9184963
245 1 4 _aThe economic government of the world
_b1933-202
_cMartin Daunton
250 _a1a.Ed
260 _aNew York
_bFarrar, Straus and Giroux
_c2023
300 _axxxiv, 986 Paginas
_bilustracion
504 _aIncluye referencias bibliográficas e índices
505 _rPart one. Responding to the Great Depression -- 'The establishment of a sound national economy': the politics of the Great Depression -- 'Barren harvest': the World Monetary and Economic Conference, 1933 -- 'Beggar my neighbour': the failures of the world economy, 1933-1939 -- 'Escaping from backwardness': strategies of economic development -- Part two. The Bretton Woods era -- 'Handling the English': lend lease, commercial policy and sterling balances -- 'A firm foundation': reforming the monetary system -- 'An integrated program': food, employment and commodities -- 'The threshold of the future': the Bretton Woods Agreement -- 'A financial Dunkirk': the United States, Britain and Germany -- 'Happier relations between all countries': the failure of the International Trade Organization -- 'Convertible currencies in the free world': sterling and Europe -- 'Damn it, we're a bank': contesting development -- 'A common detestation of colonialism': development, nationalism and the Cold War -- 'Competitive cooperation': the Kennedy round, the United States and the Common Market -- 'Progress towards self-sustaining growth': the development decade -- Part three. Washington consensus -- 'Trying to live with an anomaly': the limits of Bretton Woods -- 'Benign neglect': closing the gold window -- 'Music without any middle C': the floating world -- 'A trade union of the poor': the new international economic order and the limits to growth -- 'Expansion of economic freedom': the rise of market liberalism -- 'Market fundamentalism': the Washington consensus and financial liberalization -- 'Rules-based system': creating the World Trade Organization -- 'Setting the bird free': Economies in transition -- 'Eurofantasies': from economic and monetary union to the euro -- Part four. Beyond neo-liberalism - 'Behaving badly': the global financial crisis -- 'Messy multilateralism': nationalism versus globalism -- Fair capitalism and globalization: the way ahead.
650 1 4 _aRelaciones económicas internacionales
_xHistoria
_9184964
650 1 4 _aPolítica económica
_xCooperación internacional
_9184965
650 1 4 _aInstituciones financieras, Internacional
_xHistoria
_9184966
650 1 4 _aHistoria económica
_y1918-1945
_9184967
942 _2DEWEY
_a7
_cLIBRO
_e1
_h337
_mD242e
_n0
999 _c325311
_d325311